LEADER 01561nam 2200385z- 450 001 9910508305903321 005 20211113 010 $a88-7713-926-9 035 $a(CKB)5590000000630151 035 $a(oapen)doab72786 035 $a(EXLCZ)995590000000630151 100 $a20202111d2021 |y 0 101 0 $aita 135 $aurmn|---annan 181 $ctxt$2rdacontent 182 $cc$2rdamedia 183 $acr$2rdacarrier 200 00$aAnimali maravigliosi$eOrientalismo e animali esotici a Firenze in epoca tardogotica e rinascimentale: conoscenza, immaginario, simbologia 210 $aBellizona$cEdizioni Casagrande$d2021 215 $a1 online resource (328 p.) 225 1 $aItinerari 311 08$a88-7713-920-X 330 $aThe research analyses the knowledge, the presence and the depiction of exotic animals in Florence from the late 14th century to 1492, year of Lorenzo de' Medici's death and of the discovery of the Americas. This well-documented interdisciplinary research sheds new light on a topic mainly neglected. 606 $ac 1000 CE to c 1500$2bicssc 606 $aHistory of art / art & design styles$2bicssc 606 $aInterdisciplinary studies$2bicssc 610 $aanimal; exoticism; Renaissance; Florence; art; literature 615 7$ac 1000 CE to c 1500 615 7$aHistory of art / art & design styles 615 7$aInterdisciplinary studies 700 $aLurati$b Patrica$4aut$01307580 906 $aBOOK 912 $a9910508305903321 996 $aAnimali maravigliosi$93028817 997 $aUNINA LEADER 01189nam0 22002771i 450 001 UON00385081 005 20231205104546.576 100 $a20101018d2005 |0itac50 ba 101 $aita 102 $aIT 105 $a|||| ||||| 200 1 $aˆL'‰Opus sectile di Porta Marina$fdi Maria Stella Arena$gcon un contributo di Anna Maria Carruba 210 $a[S.l.$cs.n.]$dstampa 2005 215 $a59 p.$cill.$d30 cm 316 $aSoprintendenza di Ostia$5IT-UONSI K457 606 $aMOSAICI PAVIMENTALI$xOstia$3UONC076650$2FI 606 $aMosaici romani$xPorta marina (Ostia)$3UONC076651$2FI 676 $a738.52$cMosaici - Architettura (pavimenti etc.)$v21 700 1$aARENA$bMaria Stella$3UONV057949$0187602 702 1$aCARRUBA$bAnna Maria$3UONV185602 801 $aIT$bSOL$c20260403$gRICA 899 $aSIBA - SISTEMA BIBLIOTECARIO DI ATENEO E ARCHIVIO STORICO$2UONSI 912 $aUON00385081 950 $aSIBA - SISTEMA BIBLIOTECARIO DI ATENEO E ARCHIVIO STORICO$dSI K 457 $eSI MC 33383 5 Soprintendenza di Ostia 996 $aOpus sectile di Porta Marina$91352846 997 $aUNIOR